Ulice na których znajdują się stadiony żużlowe! - Statystyki

Ogólne statystyki
  • Ten quiz został rozwiązany 414 razy
  • Średni wynik to 6 z 23
Statystyki odpowiedzi
MIASTO: ULICA: % Poprawnych
Lublin Aleje Zygmuntowskie
64%
Zielona Góra Wrocławska
62%
Grudziądz Generała Józefa Hallera
54%
Bydgoszcz Sportowa
50%
Toruń Pera Jonssona
46%
Rybnik Gliwicka
35%
Leszno Strzelecka
32%
Częstochowa Olsztyńska
29%
Rzeszów Hetmańska
28%
Gorzów Kwiatowa
27%
Wrocław Aleje Ignacego Jana Paderewskiego
22%
Krosno Legionów
22%
Piła Bydgoska
20%
Gniezno Wrzesińska
14%
Gdańsk Zawodników
13%
Kraków Odmogile
12%
Łódź 6 Sierpnia
10%
Tarnów Zbylitowska
10%
Opole Wschodnia
8%
Poznań Warmińska
7%
Świętochłowice Bytomska
5%
Rawicz Grota Roweckiego
5%
Ostrów Wlkp. Marszałka Józefa Piłsudzkiego
5%
Nie znaleziono quizów pasujących do podanych kryteriów
Rozkład punktacji
Procent ludzi z każdym wynikiem
Percentyl według liczby udzielonych odpowiedzi
Twoja historia wyników
Nie rozwiązałeś tego quizu